ბათუმის შოთა რუსთაველის სახელმწიფო უნივერსიტეტის ბიბლიოთეკა

ჩანაწერი Corporate Name

ჩანაწერთა რაოდენობა, რომელიც გამოყენებულია: 2

001 - CONTROL NUMBER

  • control field: 23783

003 - CONTROL NUMBER IDENTIFIER

  • control field: GE_BSU

005 - DATE AND TIME OF LATEST TRANSACTION

  • control field: 20241125145914.0

008 - FIXED-LENGTH DATA ELEMENTS

  • fixed length control field: 241125|| aca||aabn | a|a d

040 ## - CATALOGING SOURCE

  • Original cataloging agency: GE_BSU
  • Transcribing agency: GE_BSU

110 ## - HEADING--CORPORATE NAME

  • Corporate name or jurisdiction name as entry element: საერთაშ. კვლევ. და გაცვლების საბჭო (IREX)].

670 ## - SOURCE DATA FOUND

  • Source citation: Work cat.: (GE_BSU): ბრაითუეითი, კრის, 23781, წარმატებული საგაზეთო რეკლამა :